| 000 | 00671cam a2200145 4500500 | ||
|---|---|---|---|
| 005 | 20260208002352.0 | ||
| 041 | _afre | ||
| 042 | _adc | ||
| 100 | 1 | 0 |
_aCouderc, Pascal _eauthor |
| 245 | 0 | 0 | _aNathan Porath, When the Bird Flies: Shamanic Therapy and the Maintenance of Worldly Boundaries Among an Indigenous People of Riau (Sumatra), Leiden, Publications Research School CNWS, Universiteit Leiden 2003, 258 p., viii + 258 p., bibl., index, ill., cartes |
| 260 | _c2005. | ||
| 500 | _a12 | ||
| 786 | 0 | _nL'Homme | 175-176 | 3 | 2005-07-01 | p. 475w-572w | 0439-4216 | |
| 856 | 4 | 1 | _uhttps://shs.cairn.info/revue-l-homme-2005-3-page-475w?lang=fr&redirect-ssocas=7080 |
| 999 |
_c1645991 _d1645991 |
||